Every Slipknot Song to Chart on Billboard - Statistics

General Stats
  • This quiz has been taken 70 times
  • The average score is 20 of 34
Answer Stats
Chart Position Year of Release Album Song % Correct
Active Rock #4 2004 Vol. 3: The Subliminal Verses Duality
96%
Active Rock #6 2008 All Hope is Gone Psychosocial
95%
Hard Rock Digital Song Sales #1 2014 Vol. 5: The Gray Chapter The Devil In I
89%
Active Rock #2 2008 All Hope is Gone Snuff
88%
Active Rock #8 2004 Vol. 3: The Subliminal Verses Before I Forget
84%
Active Rock #27 1999 Slipknot Wait and Bleed
82%
Hard Rock Digital Song Sales #1 2019 We Are Not Your Kind Unsainted
81%
Mainstream Rock Airplay #28 2014 Vol. 5: The Gray Chapter Custer
79%
Hard Rock Digital Song Sales #19 2019 We Are Not Your Kind Nero Forte
75%
Active Rock #15 2008 All Hope is Gone Sulfur
75%
Active Rock #1 2008 All Hope is Gone Dead Memories
74%
Active Rock #12 2004 Vol. 3: The Subliminal Verses Vermillion
72%
Active Rock #22 2001 Iowa Left Behind
67%
Hard Rock Digital Song Sales #2 2019 We Are Not Your Kind Solway Firth
67%
Hard Rock Digital Song Sales #13 2014 Vol. 5: The Gray Chapter AOV
61%
Hard Rock Digital Song Sales #9 2014 Vol. 5: The Gray Chapter Killpop
60%
Hard Rock Digital Song Sales #1 2019 N/A All Out Life
58%
Hard Rock Digital Song Sales #1 2014 Vol. 5: The Gray Chapter The Negative One
56%
Hard Rock Digital Song Sales #5 2014 Vol. 5: The Gray Chapter XIX
53%
Lyricfind US #19 2019 We Are Not Your Kind Orphan
51%
Hard Rock Digital Song Sales #19 2019 We Are Not Your Kind Birth Of The Cruel
49%
Lyricfind Global #19 2019 We Are Not Your Kind Spiders
47%
Mainstream Rock Airplay #22 2014 Vol. 5: The Gray Chapter Goodbye
46%
Hot Rock & Alternative Songs #39 2019 We Are Not Your Kind Insert Coin
46%
Lyricfind Global #18 2019 We Are Not Your Kind Red Flag
44%
Hard Rock Digital Song Sales #22 2014 Vol. 5: The Gray Chapter Skeptic
44%
Lyricfind Global #15 2019 We Are Not Your Kind Critical Darling
42%
Hard Rock Digital Song Sales #12 2014 Vol. 5: The Gray Chapter Sarcastrophe
42%
Lyricfind Global #13 2019 We Are Not Your Kind A Liar's Funeral
40%
Active Rock #24 2004 Vol. 3: The Subliminal Verses The Nameless
39%
Lyricfind Global #20 2019 We Are Not Your Kind Not Long For This World
37%
Hot Rock & Alternative Songs #40 2019 We Are Not Your Kind Death Because of Death
35%
Lyricfind Global #7 2019 We Are Not Your Kind My Pain
35%
Lyricfind Global #8 2008 All Hope is Gone Til We Die
25%
No matching quizzes found
Score Distribution
Percent of People with Each Score
Percentile by Number Answered
Your Score History
You have not taken this quiz